000 01605nam a2200361 a 4500
999 _c185743
_d185743
003 BLK
005 20240306134306.0
008 180411b bul|||||r ||||||| ||bul||
010 _aKNG00194737000
040 _aBLK
041 _aBUL
_cBUL
080 _aТорове. Торене. Стимулиране растежа на растенията. Растителни стимулатори
_b631.8
_z631.8
100 1 _aКук, Джордж
_eпърви автор
_9343905
139 _aКук, Джордж
_bК 93
245 1 0 _aРегулиране на почвеното плодородие
_cДжордж Кук; прев. от англ. Иван Петров Гърбучев; прев. от англ. Николай Коледаров; с послесл. от Иван Петров Гърбучев.
257 _aUSA
260 _bЗемиздат
_c1968
_aСофия
300 _a656 с.
_bс черт.
_c22 см
380 _a63
500 _a2 080 тир. - Библиогр. 610-638.
650 4 _aТорове и торене
_9275701
650 7 _aПочви - плодородие
_2
_9167284
700 1 _aГърбучев, Иван Петров
_eпрев. от англ.
_957443
700 1 _aКоледаров, Николай
_eпрев. от англ.
_9343906
700 1 _aГърбучев, Иван Петров
_eс послесл. от
_957443
852 _aЦб 47908
_bЦб
856 4 _qpdf
856 4 _qpdf
942 _cKNG
_n0
_s1
944 _aCR
_c31.10.2016
_k30560
_lГеновева Генчева
944 _aED
_c31.10.2016
_kКети_Илиева
999 _d185743